000 00854cam a2200181 i 4500
005 20260125111128.0
008 250721s2001 ua gr 000 0 ara d
082 1 4 _a345.04
_bش ا ذ
100 1 _aشاذلي، فتوح عبدالله
_eمؤلف.
245 1 2 _aالمسؤولية الجنائية :
_bأساس المسؤوليه - المسؤول جنائيا - امتناع المسؤوليه - اثر المسؤوليه الجزاء الجنائي /
_cالدكتور فتوح عبد الله الشاذلي.
264 3 1 _aالإسكندرية :
_bدار المطبوعات الجامعية،
_c2001.
300 _aالكتاب الثاني.
650 1 7 _aالقانون الجنائي.
650 1 7 _aالمسؤولية الجنائية.
650 1 7 _aالإجراءات الجنائية.
942 _2ddc
_cBK
999 _c81209
_d81209